000 00727nam a2200253 a 4500
001 000009786
003 DO-SdBNP
005 20230327104135.0
008 091001s2008 dr a r 000 p spa d
020 _a9945068717
040 _aDO-SdBNP
_bspa
_cBPMSU
082 4 _aRD861.44
_bC355v 2008
_222
100 1 _aCastro, Tomás,
_d1959-
245 1 0 _aVuelta al cantar de los cantares /
_cTomás Castro.
250 _a2a. ed.
260 _aSanto Domingo :
_aSantuario;
_bEducarte,
_c2008
300 _a83 p. :
_bil. ;
_c21 cm.
490 0 _aSantuario
590 _aInventariado, 2023/VM
650 4 _aPoesía dominicana
650 4 _aLiteratura dominicana.
910 _aVMateo V. Control de calidad (BPMSU)
942 _2ddc
_cBK
999 _c14374
_d14374